000 00495nam a2200169 a 4500
001 000043936
005 20201002045043.0
008 140509s1978 sp 000 f spa d
020 _a8470175084
040 _aDO-SdBNP
_bspa
_cBNPHU
082 _axxxx
_bxxxx
100 1 _aPosse, Abel,
_d1939-
_971870
245 1 0 _aDaimón /
_cAbel Posee.
260 _aBarcelona :
_bArgos,
_c1978.
300 _a270 p. ;
_c20 cm.
500 _aIncluye datos biográficos del autor en la solapa de la contracubierta
999 _c43425
_d43425